000 00519nam a2200205Ia 4500
005 20240823052401.0
008 240823s9999||||xx |||||||||||||| ||und||
020 _a978-81-8209-332-4
041 _aENGLISH
082 _A372.6 Q2
100 _aAntonysamy K S
245 0 _aSoft Skills and Personality Development
250 _a1st
260 _c2012
_bVijay Nicole Imprints Private Li
500 _aTRANSFERED
650 _aSoft Skills
_bGeneral
700 _a Joseph Chandra
942 _cBK
999 _c221735
_d221735